00475nam a2200193Ia 4500003000400000005001700004008004100021020002200062040000700084041000800091082002400099100002300123245002800146260003600174300001800210365001400228650002500242650001400267OSt20230620105716.0210423s2013 xx 000 0 und d a978-81-265-2571-3 cAL aeng a543.0858223b HOLM aHOLLAS (J Michael) aModern spectoscopy Ed 4 aNew DelhibWiley and Sonsc2013 axviii,452bPB b1095cINR aAnalytical Chemistry aChemistry